| Tag |
First Indicator |
Second Indicator |
Subfields |
| LEADER |
00000cam a2200000Ii 4500 |
| 001 |
in00003735239 |
| 005 |
20170926144826.0 |
| 008 |
160909t20162016oruc b 000 0 eng d |
| 020 |
|
|
|a 9781498297523
|
| 020 |
|
|
|a 1498297528
|
| 035 |
|
|
|a (OCoLC)ocn958162356
|
| 040 |
|
|
|a EXN
|e rda
|c EXN
|d TKN
|d UtOrBLW
|
| 049 |
|
|
|a TXAM
|
| 050 |
|
4 |
|a BX8809.K4
|b C75 2016
|
| 100 |
1 |
|
|a Critchlow, Anne-Louise.
|
| 245 |
1 |
0 |
|a Against the trend :
|b the spirituality of William Kelly (1821-1906) /
|c Anne-Louise Critchlow ; foreword by Graham Johnson.
|
| 264 |
|
1 |
|a Eugene, Oregon :
|b Wipf & Stock Publishers,
|c [2016]
|
| 264 |
|
4 |
|c ©2016
|
| 300 |
|
|
|a xiii, 217 pages :
|b portrait ;
|c 23 cm.
|
| 336 |
|
|
|a text
|b txt
|2 rdacontent
|
| 337 |
|
|
|a unmediated
|b n
|2 rdamedia
|
| 338 |
|
|
|a volume
|b nc
|2 rdacarrier
|
| 504 |
|
|
|a Includes bibliographical references (pages 209-217).
|
| 520 |
|
|
|a William Kelly (1821-1906) was much more than a Brethren theologian who was a leader of the Moderate Exclusive Brethren movement, and also much more than an indiscriminate follower of John Nelson Darby (1800-1882). He was highly regarded not only within the Brethren but also by Christian leaders of other denominations. In this book, Dr. Critchlow examines Kelly's lively and scholarly appraisal of the German "School of Higher Criticism" and his commentary on a range of works of contemporary Anglican and non-conformist theologians. She argues that Kelly's exegesis was meticulous and scholarly and demonstrated his understanding of the whole canon of Scripture. Despite his ecclesiology, his theology was nuanced and cannot easily be stereotyped. As an expositor of the controversial topics, "the Atonement" and "the After-Life," he can be described as a Biblical literalist, but in his understanding of Biblical language and literary genre and philosophy, he can be seen as a conservative intellectual. While belonging to the evangelical school of thought, his theology shows itself to be much more complex than many of his evangelical contemporaries and gives him links with later Christian traditions. Through his deep spirituality, Kelly can inspire the reader's own spiritual aspirations.
|
| 600 |
1 |
0 |
|a Kelly, William,
|d 1821-1906.
|0 http://id.loc.gov/authorities/names/no93031176
|
| 650 |
|
0 |
|a Plymouth Brethren
|z England
|x Clergy.
|
| 945 |
|
|
|b 784434
|
| 947 |
|
|
|a A14843451346
|
| 948 |
|
|
|a cataloged
|b h
|c 2016/9/22
|d c
|e dmitchel
|f 10:44:16 am
|
| 994 |
|
|
|a 92
|b TXA
|
| 999 |
f |
f |
|s 8794082c-3746-32d9-a465-1e8f6a63c52a
|i 990a1a4b-4a96-35c1-ae5a-65f6d0d4596d
|t 0
|
| 952 |
f |
f |
|p normal
|a Texas A&M University
|b College Station
|c Sterling C. Evans Library
|d Evans: Library Stacks
|t 0
|e BX8809.K4 C75 2016
|h Library of Congress classification
|i unmediated -- volume
|m A14843451346
|
| 998 |
f |
f |
|a BX8809.K4 C75 2016
|t 0
|l Evans: Library Stacks
|